A new lease of life (Record no. 78738)

MARC details
000 -LEADER
fixed length control field 01007cab a22002415a 4500
001 - CONTROL NUMBER
control field L137922
008 - FIXED-LENGTH DATA ELEMENTS--GENERAL INFORMATION
fixed length control field 070508e20070426xxk f g 000 0 eng d
035 ## - SYSTEM CONTROL NUMBER
System control number (Sirsi) u137922
041 0# - LANGUAGE CODE
Language code of text/sound track or separate title eng
100 1# - MAIN ENTRY--PERSONAL NAME
Personal name Langdon-Down, Grania
245 02 - TITLE STATEMENT
Title A new lease of life
260 ## - PUBLICATION, DISTRIBUTION, ETC.
Date of publication, distribution, etc. 2007
490 #0 - SERIES STATEMENT
Series statement Law Society's Gazette
Volume/sequential designation 104(17) 26 April 2007, 20-21(2)
520 ## - SUMMARY, ETC.
Summary, etc. Discusses key issues and changes affecting landlord and tenant legal work, including the tenancy deposit scheme, home information packs, ?The code for leasing business premises in England and Wales? (L137317) and ?Service charges in commercial property: RICS code of practice? (L133990).
590 ## - LOCAL NOTE (RLIN)
Local note KA
650 24 - SUBJECT ADDED ENTRY--TOPICAL TERM
Topical term or geographic name entry element HOME INFORMATION PACKS
650 24 - SUBJECT ADDED ENTRY--TOPICAL TERM
Topical term or geographic name entry element TENANCY DEPOSIT SCHEME (TDS)
650 24 - SUBJECT ADDED ENTRY--TOPICAL TERM
Topical term or geographic name entry element CODE FOR LEASING BUSINESS PREMISES IN ENGLAND AND WALES
650 24 - SUBJECT ADDED ENTRY--TOPICAL TERM
Topical term or geographic name entry element RICS CODE OF PRACTICE: SERVICE CHARGES IN COMMERCIAL PROPERTY
651 #4 - SUBJECT ADDED ENTRY--GEOGRAPHIC NAME
Geographic name England and Wales
Chronological subdivision 1543-
690 ## - LOCAL SUBJECT ADDED ENTRY--TOPICAL TERM (OCLC, RLIN)
Topical term or geographic name as entry element PROPERTY-LANDLORD AND TENANT
942 ## - ADDED ENTRY ELEMENTS (KOHA)
Suppress in OPAC 0
Holdings
Withdrawn status Lost status Source of classification or shelving scheme Damaged status Not for loan Home library Current library Shelving location Date acquired Total Checkouts Full call number Barcode Date last seen Copy number Price effective from Koha item type
    Dewey Decimal Classification     London London Journal article 08/05/2007   L137922 137922-1001 06/08/2019 1 06/08/2019 Journal article